[Event "7th Asrian Memorial 2014"]
[Site "Jermuk ARM"]
[Date "2014.06.24"]
[Round "9.10"]
[White "Bakunts, Rafael"]
[Black "Hambardzumian, Yuri"]
[Result "1/2-1/2"]
[BlackTitle "IM"]
[WhiteElo "2271"]
[BlackElo "2336"]
[WhiteFideId "13304097"]
[BlackFideId "13302795"]
[EventDate "2014.06.16"]

1. d4 Nf6 2. c4 c5 3. d5 b5 4. cxb5 a6 5. e3 axb5 6. Bxb5 Qa5+ 7. Nc3 Ne4 8. Ne2
g6 9. O-O Nd6 10. Bd3 Ba6 11. e4 Bg7 12. Rb1 O-O 13. Bg5 Re8 14. Kh1 Nc4 15. b3
Na3 16. Rc1 d6 17. Bxa6 Qxa6 18. Qd2 Nd7 19. h3 Ne5 20. Rcd1 Ra7 21. Bh6 Bh8 22.
f4 Nd7 23. Rf3 Nb5 24. Nxb5 Qxb5 25. Ng3 Qa6 26. a4 c4 27. bxc4 Qxc4 28. Rc1
Qxa4 29. Qe3 Qd4 30. Qe2 Qb2 31. Qf1 Bd4 32. Rb1 Qc2 33. Rfb3 f6 34. Ne2 Bc5 35.
Qf3 Ra3 36. Kh2 Qxb1 37. Rxb1 Rxf3 38. gxf3 Rb8 39. Rxb8+ Nxb8 40. f5 gxf5 41.
Ng3 fxe4 42. fxe4 Bd4 43. Kg2 Be5 44. Nf5 Kf7 45. Kf3 Nd7 46. h4 Bc3 47. h5 Ne5+
48. Ke2 Nd7 49. Kf3 Be5 50. Bd2 Nc5 51. Bc1 e6 52. dxe6+ Nxe6 53. Bh6 Nc7 54.
Bd2 d5 55. exd5 Nxd5 56. Ke4 Nc7 57. Bc1 Ne6 58. Bh6 Nc5+ 59. Kd5 Na4 60. Bd2
Nb6+ 61. Ke4 Nc4 62. Bh6 Ke6 63. Ng7+ Kd7 64. Nf5 Kc6 65. Ne7+ Kd7 66. Nf5 Nd6+
67. Nxd6 Kxd6 68. Kf5 Ke7 1/2-1/2

[Event "7th Asrian Memorial 2014"]
[Site "Jermuk ARM"]
[Date "2014.06.24"]
[Round "9.11"]
[White "Igonin, Temur"]
[Black "Gharagyozyan, Artur"]
[Result "0-1"]
[WhiteTitle "FM"]
[WhiteElo "2192"]
[BlackElo "2194"]
[WhiteFideId "14203049"]
[BlackFideId "13303279"]
[EventDate "2014.06.16"]

1. e4 c5 2. Nf3 e6 3. d4 cxd4 4. Nxd4 a6 5. Bd3 Qc7 6. O-O Nf6 7. Qe2 d6 8. c4
Be7 9. Nc3 Nbd7 10. f4 b6 11. Kh1 Bb7 12. Bd2 O-O 13. Rae1 Rad8 14. b4 Rfe8 15.
Nf3 g6 16. f5 exf5 17. exf5 Bf8 18. Qf2 Bg7 19. fxg6 hxg6 20. Bg5 Rc8 21. Rc1
Ng4 22. Qh4 Nde5 23. Nxe5 Nxe5 24. Be4 Bxe4 25. Nxe4 f5 26. Nf6+ Bxf6 27. Bxf6
Qh7 28. Qg3 Ng4 29. Qxd6 Rc6 30. Qd5+ Rce6 31. Be5 Nxe5 32. Rc3 Qd7 33. Rd1 Qxd5
34. cxd5 Rd6 35. Rc7 Ng4 0-1

[Event "7th Asrian Memorial 2014"]
[Site "Jermuk ARM"]
[Date "2014.06.24"]
[Round "9.13"]
[White "Manukyan, Sargis A."]
[Black "Ghvamberia, Nika"]
[Result "1-0"]
[WhiteElo "2158"]
[BlackElo "2150"]
[WhiteFideId "13303970"]
[BlackFideId "13602128"]
[EventDate "2014.06.16"]

1. d4 Nf6 2. c4 e6 3. Nc3 Bb4 4. Bg5 h6 5. Bh4 c5 6. d5 d6 7. e3 Bxc3+ 8. bxc3
e5 9. Qc2 Nbd7 10. Nf3 Qe7 11. Be2 g5 12. Bg3 Rg8 13. Nd2 Kd8 14. Rb1 Nf8 15. h4
g4 16. Bd3 Qd7 17. h5 Kc7 18. Nf1 Qe8 19. Bf5 Bxf5 20. Qxf5 N6d7 21. Qd3 e4 22.
Qc2 f5 23. Qb3 Nb6 24. Bf4 Nfd7 25. a4 Rb8 26. a5 Nc8 27. Ng3 Ne5 28. Bxh6 Nd3+
29. Ke2 Qe5 30. Qc2 Ne7 31. Qd2 Rbe8 32. Bf4 Qf6 33. Rb3 Nc8 34. Rhb1 b6 35. Qa2
Nxf4+ 36. exf4 e3 37. axb6+ axb6 38. Rxb6 exf2+ 39. Kxf2 Kd8 40. Rc6 Ke7 41. Qc2
Kf8 42. Qxf5 Qxf5 43. Nxf5 Rh8 44. Rb7 Rd8 45. Rbc7 1-0

[Event "7th Asrian Memorial 2014"]
[Site "Jermuk ARM"]
[Date "2014.06.24"]
[Round "9.14"]
[White "Kotanjian, Tigran"]
[Black "Movsisyan, Vardan"]
[Result "1-0"]
[WhiteTitle "GM"]
[WhiteElo "2546"]
[BlackElo "2211"]
[WhiteFideId "13301250"]
[BlackFideId "13301799"]
[EventDate "2014.06.16"]

1. d4 Nf6 2. c4 e5 3. dxe5 Ng4 4. Bf4 g5 5. Bg3 Nc6 6. Nf3 Bg7 7. Nc3 Ngxe5 8.
Nxe5 Nxe5 9. e3 d6 10. h4 g4 11. h5 h6 12. Bh4 Bf6 13. Bxf6 Qxf6 14. Nd5 Qd8 15.
Qd4 c6 16. Nc3 c5 17. Qf4 Be6 18. O-O-O Qe7 19. Nb5 Rd8 20. Be2 f6 21. Nxa7 Ra8
22. Nb5 Rxa2 23. Nxd6+ Kf8 24. Nf5 Qe8 25. Nd6 Qe7 26. Kb1 Ra6 27. Nf5 Qc7 28.
Nh4 Kg7 29. Nf5+ Kf8 30. Kc2 Ra4 31. Nd4 Bxc4 32. Qxf6+ Nf7 33. Nf5 Bxe2 34.
Qg7+ Ke8 35. Nd6+ Kd7 36. Nb5+ 1-0

[Event "7th Asrian Memorial 2014"]
[Site "Jermuk ARM"]
[Date "2014.06.24"]
[Round "9.15"]
[White "Nadanian, Ashot"]
[Black "Sargsyan, Shant"]
[Result "1-0"]
[WhiteTitle "IM"]
[BlackTitle "CM"]
[WhiteElo "2416"]
[BlackElo "2095"]
[WhiteFideId "13300393"]
[BlackFideId "13306766"]
[EventDate "2014.06.16"]

1. e4 c5 2. g3 Nc6 3. Bg2 e5 4. d3 g6 5. f4 exf4 6. Bxf4 d6 7. Nf3 Bg7 8. O-O
Nge7 9. Nbd2 O-O 10. Nc4 Ne5 11. Nfxe5 dxe5 12. Be3 Qc7 13. a4 Be6 14. b3 b6 15.
Qd2 Nc6 16. Rf2 Nd4 17. Raf1 Qd7 18. Nb2 a6 19. Bh6 f6 20. Nd1 b5 21. Nc3 c4 22.
dxc4 bxc4 23. b4 Rad8 24. Qe3 Qd6 25. Bxg7 Kxg7 26. b5 Rb8 27. Rb1 axb5 28. axb5
Rb6 29. h4 h5 30. Kh2 Qa3 31. Rbf1 Qa5 32. Bh3 Bxh3 33. Kxh3 Qa3 34. Kh2 Rd6 35.
Rb1 Rb8 36. Qe1 Rdb6 37. Ra1 Qd6 38. Nd5 Rxb5 39. Nxf6 R5b7 40. Qe3 Rf7 41.
Nxh5+ gxh5 42. Qg5+ Kf8 43. Rxf7+ Kxf7 44. Ra7+ Ke8 45. Qxh5+ 1-0